Online
Catalog

Investigación de mercados : (Record no. 35117)

MARC details
000 -CABECERA
campo de control de longitud fija 00530nam a2200169 a 4500
001 - NÚMERO DE CONTROL
campo de control 000035626
005 - FECHA Y HORA DE LA ÚLTIMA TRANSACCIÓN
campo de control 20200930074502.0
008 - DATOS DE LONGITUD FIJA--INFORMACIÓN GENERAL
campo de control de longitud fija 111107s1944 cl 000 0 spa d
020 ## - NÚMERO INTERNACIONAL ESTÁNDAR DEL LIBRO
Número Internacional Estándar del Libro 9586001243
040 ## - FUENTE DE LA CATALOGACIÓN
Centro catalogador/agencia de origen DO-SdBNP
-- spa
Centro/agencia transcriptor BNPHU
100 1# - ENTRADA PRINCIPAL--NOMBRE DE PERSONA
Nombre de persona Kinnear, Thomas C.
9 (RLIN) 61534
245 10 - MENCIÓN DE TÍTULO
Título Investigación de mercados :
Resto del título un enfoque aplicado /
Mención de responsabilidad, etc. Thomas C. Kinnear, James R. Taylor.
250 ## - MENCIÓN DE EDICIÓN
Mención de edición 4a. ed.
260 ## - PUBLICACIÓN, DISTRIBUCIÓN, ETC.
Lugar de publicación, distribución, etc. [s.l.] :
Nombre del editor, distribuidor, etc. MC Graw Hill,
Fecha de publicación, distribución, etc. [198?].
300 ## - DESCRIPCIÓN FÍSICA
Extensión xxii, 812 p. :
Otras características físicas il., ;
Dimensiones 28 cm.
700 1# - PUNTO DE ACCESO ADICIONAL--NOMBRE DE PERSONA
Nombre de persona Taylor, James R.
9 (RLIN) 61535
Holdings
Estado de retiro Estado de pérdida Restricciones de uso No para préstamo Código de colección Localización permanente Ubicación/localización actual Ubicación en estantería Fecha de adquisición Número de inventario Total de préstamos Signatura topográfica completa Código de barras Fecha visto por última vez Precio válido a partir de Tipo de ítem Koha
        Monografías: Libros y Folletos General General Orden iniciada 07.11.2011 LF1   35626-10 25.06.2020 25.06.2020 No se presta

Powered by Koha